=LDR 00000nam 2200000 4500 =001 INLIS000000000042218 =005 20131008015014 =008 ***********************************ind** =035 ##$$0010-101300000000140 =041 ##$$a ind =082 ##$$a F Rom d =090 ##$$a F Rom d, zain m =100 ##$$a Nur Zain, Umar =245 ##$$a Namaku Wage =260 ##$$a 1983 $b Jakarta =300 ##$$a 175 hlm, 21 cm =650 ##$$a Novel =850 ##$$a NBPNMAT